000 00411nam a22001337a 4500
082 _aRIB.29 678.06:536.483
_bMAD
100 _aMADDA (Donald)
245 _aCryogenic deflashing process for rubber products
246 _aRubber Industry Books Box. Pocket book.29
260 _aThailand
_bTechnobiz Communications
_c2018
300 _a84p.
650 _aCryogenic deflashing process
_aRubber products
942 _cBK
999 _c74832
_d74832